000
00339 a2200157 4500
001
48452
020
_a
9788526018914
040
_c
Anchieta - Bela Vista
100
_a
França, Mary
240
1
0
_a
O gato no telhado
_l
por
245
1
0
_a
O gato no telhado
300
_a
19
362
0
_a
2013
650
4
_a
Literatura infantil
942
_c
BK
999
_c
48452
_d
48452